000 00284nam a22001337a 4500
008 181023b xxu||||| |||| 00| 0 eng d
020 _a0306430762
041 _aeng
080 _a531
100 _a43
101 _aFIZ
245 _aThe Story of Physics
_cMotz, L
942 _2udc
_cBK
999 _c50695
_d50695